00361nam a2200157Ia 4500008004000000041000800040082001200048100001500060245003700075260003800112650001000150650000800160650001100168650001100179650001300190210210b1958 xxu||||| |||| 00| 0 eng d aeng a822/410 aFORSEE (A) aAmerican women who scored firsts aPhiladelphiabNot Mentionedc1958 awomen awho ascored afirsts aAmerican